[Event "Online Olym Div2 B 2020"]
[Site "chess.com INT"]
[Date "2020.08.15"]
[Round "4.5"]
[Board "3"]
[White "Bulmaga, Irina"]
[Black "Cibickova, Zuzana"]
[Result "0-1"]
[WhiteTitle "IM"]
[BlackTitle "WGM"]
[WhiteElo "2434"]
[BlackElo "2256"]
[WhiteTeam "Romania"]
[BlackTeam "Slovakia"]
[WhiteFideId "13903063"]
[BlackFideId "14905779"]
[EventDate "2020.08.14"]
[EventType "team"]

1. e4 e5 2. Nf3 Nc6 3. Bb5 a6 4. Ba4 Nf6 5. d4 exd4 6. O-O Be7 7. e5 Ne4 8. Re1
Nc5 9. Bxc6 dxc6 10. Nxd4 Ne6 11. Be3 Nxd4 12. Qxd4 Qxd4 13. Bxd4 Bf5 14. c3
O-O-O 15. Nd2 c5 16. Be3 Rd3 17. h3 h5 18. Nf3 Rhd8 19. Rac1 b6 20. Kh2 Be6 21.
a3 Kb7 22. Ng1 g5 23. h4 gxh4 24. Ne2 R3d5 25. f4 f6 26. exf6 Bxf6 27. Ng1 Bg4
28. Nh3 Bxh3 29. Kxh3 Rd3 30. Rc2 c4 31. Kh2 Re8 32. Rce2 Bg7 33. Bf2 Rxe2 34.
Rxe2 Bh6 35. Re4 h3 36. gxh3 Rd2 37. Kg3 Rxb2 38. Rxc4 b5 39. Rb4 Rc2 40. Rb3
Bxf4+ 41. Kxf4 Rxf2+ 42. Kg5 c5 43. a4 Kc6 44. axb5+ axb5 45. Kxh5 c4 46. Ra3
Rf3 47. Kg4 Rd3 48. h4 b4 49. Ra4 bxc3 50. h5 Rd4+ 51. Kg5 c2 52. Ra1 Rd1 53.
Ra4 Kb5 54. Ra8 c1=Q+ 55. Kg6 Rd6+ 56. Kf7 Qf4+ 57. Ke7 Qe5+ 0-1

[Event "Online Olym Div2 B 2020"]
[Site "chess.com INT"]
[Date "2020.08.15"]
[Round "4.5"]
[Board "4"]
[White "Maslikova, Veronika"]
[Black "Peptan, Corina-Isabela"]
[Result "0-1"]
[WhiteTitle "WIM"]
[BlackTitle "IM"]
[WhiteElo "2230"]
[BlackElo "2392"]
[WhiteTeam "Slovakia"]
[BlackTeam "Romania"]
[WhiteFideId "14904888"]
[BlackFideId "1201930"]
[EventDate "2020.08.14"]
[EventType "team"]

1. e4 c6 2. d4 d5 3. Nc3 dxe4 4. Nxe4 Nf6 5. Ng3 g6 6. Nf3 Bg7 7. Bd3 Bg4 8. c3
Qd5 9. Be2 Ne4 10. Nxe4 Qxe4 11. O-O O-O 12. Re1 Qd5 13. Qb3 Qxb3 14. axb3 Nd7
15. h3 Bf5 16. Bf4 Nb6 17. b4 a6 18. Ne5 Rfe8 19. Bg3 h6 20. Bf3 Rac8 21. Be4
Bxe4 22. Rxe4 e6 23. Re2 Red8 24. Ng4 Nd5 25. Ne5 g5 26. h4 Ne7 27. hxg5 hxg5
28. Nf3 Rd5 29. Be5 Ng6 30. Bxg7 Kxg7 31. g3 Rh8 32. Ra5 Rxa5 33. bxa5 Kf6 34.
Ne5 Rd8 35. Nxg6 Kxg6 36. b4 Rd6 37. Kg2 f6 38. g4 Kf7 39. Kg3 Rd8 40. f4 gxf4+
41. Kxf4 Rh8 42. Re3 Rh1 43. Rg3 Rf1+ 44. Ke4 Kg6 45. Ke3 Kg5 46. Rg2 Rf4 47.
Rh2 Rxg4 48. Rh7 Rg3+ 49. Kd2 Rg2+ 50. Ke3 Rg3+ 51. Kd2 Kf4 52. Rxb7 Ke4 53. Rb6
Rg2+ 54. Kc1 Kd3 55. Rxc6 f5 56. b5 axb5 57. a6 f4 58. a7 Ra2 59. Rxe6 Rxa7 60.
Kb2 Rf7 61. Re1 f3 62. Kb3 f2 63. Rf1 Ke2 64. Rxf2+ Kxf2 65. Kb4 Ke3 66. Kxb5
Ke4 67. Kc6 Rf6+ 68. Kc5 Rf5+ 69. Kc4 Rh5 70. Kb4 Kd3 71. Kb3 Rb5+ 72. Ka4 Kc4
73. d5 Rxd5 74. Ka3 Kxc3 75. Ka4 Re5 76. Ka3 Ra5# 0-1

[Event "Online Olym Div2 B 2020"]
[Site "chess.com INT"]
[Date "2020.08.15"]
[Round "4.5"]
[Board "5"]
[White "Costachi, Mihnea"]
[Black "Sahidi, Samir"]
[Result "1-0"]
[WhiteTitle "IM"]
[BlackTitle "FM"]
[WhiteElo "2471"]
[BlackElo "2400"]
[WhiteTeam "Romania"]
[BlackTeam "Slovakia"]
[WhiteFideId "1217518"]
[BlackFideId "14936372"]
[EventDate "2020.08.14"]
[EventType "team"]

1. d4 Nf6 2. c4 e6 3. Nf3 d5 4. Nc3 dxc4 5. e3 c5 6. Bxc4 a6 7. O-O b5 8. Bb3
Bb7 9. e4 cxd4 10. Nxd4 Nxe4 11. Nxe4 Bxe4 12. Re1 Bb7 13. Nxe6 fxe6 14. Qh5+ g6
15. Rxe6+ Be7 16. Qe5 Rf8 17. Bh6 Nc6 18. Rxc6 Rf5 19. Qc3 b4 20. Qc4 Qd7 21.
Rc7 Rc8 22. Qg8+ Rf8 23. Bf7+ Kd8 24. Rxd7+ Kxd7 25. Be6+ Kc7 26. Qxh7 Rce8 27.
Bxf8 1-0

[Event "Online Olym Div2 B 2020"]
[Site "chess.com INT"]
[Date "2020.08.15"]
[Round "4.5"]
[Board "6"]
[White "Slaba, Andrea"]
[Black "Lehaci, Miruna-Daria"]
[Result "0-1"]
[BlackTitle "WFM"]
[WhiteElo "1969"]
[BlackElo "2223"]
[WhiteTeam "Slovakia"]
[BlackTeam "Romania"]
[WhiteFideId "14940680"]
[BlackFideId "1234765"]
[EventDate "2020.08.14"]
[EventType "team"]

1. d4 Nf6 2. c4 e6 3. Nc3 Bb4 4. Qc2 c5 5. e3 O-O 6. Nf3 cxd4 7. exd4 d5 8. a3
Be7 9. Bd3 dxc4 10. Bxc4 Nc6 11. Qd3 a6 12. O-O Qc7 13. Bb3 Rd8 14. Bc2 g6 15.
Qe3 Bf8 16. Rd1 Bg7 17. Qe2 b5 18. Bg5 Ne7 19. Ne5 Bb7 20. Rd3 Nf5 21. Rad1 Rac8
22. g4 Ne7 23. f3 Re8 24. Bb3 Ned5 25. h4 Qb6 26. Kh2 Nxc3 27. bxc3 Nd5 28. Bd2
a5 29. h5 b4 30. c4 Ne7 31. axb4 axb4 32. hxg6 hxg6 33. f4 Nc6 34. Be3 Na5 35.
Ba4 Re7 36. c5 Qc7 37. Kg3 Ba6 38. Rh1 Nc4 39. Rdd1 Nxe5 40. Qxa6 Nd7 41. Bxd7
Qxd7 42. Rb1 Rb8 43. Qa5 g5 44. Rxb4 Rc8 45. Qb5 Qd5 46. Rh2 Qe4 47. Bf2 gxf4+
48. Kh3 Qf3+ 49. Kh4 Bf6+ 50. Kh5 Kg7 0-1

[Event "Online Olym Div2 B 2020"]
[Site "chess.com INT"]
[Date "2020.08.15"]
[Round "5.1"]
[Board "1"]
[White "Druska, Juraj"]
[Black "Mastrovasilis, Dimitrios"]
[Result "1/2-1/2"]
[WhiteTitle "IM"]
[BlackTitle "GM"]
[WhiteElo "2515"]
[BlackElo "2604"]
[WhiteTeam "Slovakia"]
[BlackTeam "Greece"]
[WhiteFideId "14915650"]
[BlackFideId "4202694"]
[EventDate "2020.08.14"]
[EventType "team"]

1. e4 e5 2. Nf3 Nc6 3. Nc3 Nf6 4. d4 exd4 5. Nxd4 Bb4 6. Nxc6 bxc6 7. Bd3 d5 8.
exd5 O-O 9. O-O Bg4 10. Be2 Bxe2 11. Nxe2 cxd5 12. Bg5 c6 13. c3 Bc5 14. Nd4 Qd6
15. Bxf6 Qxf6 16. Qa4 Rac8 17. Rfe1 g6 18. Re2 Bb6 19. Rd1 Rfe8 20. Rde1 Rxe2
21. Rxe2 Kg7 22. Qa6 Rc7 23. Qd3 Bxd4 24. Qxd4 1/2-1/2

[Event "Online Olym Div2 B 2020"]
[Site "chess.com INT"]
[Date "2020.08.15"]
[Round "5.1"]
[Board "2"]
[White "Pavlidis, Antonios"]
[Black "Ftacnik, Lubomir"]
[Result "1-0"]
[WhiteTitle "GM"]
[BlackTitle "GM"]
[WhiteElo "2543"]
[BlackElo "2510"]
[WhiteTeam "Greece"]
[BlackTeam "Slovakia"]
[WhiteFideId "4212312"]
[BlackFideId "14900017"]
[EventDate "2020.08.14"]
[EventType "team"]

1. e4 d6 2. d4 Nf6 3. Nc3 g6 4. g3 Bg7 5. Bg2 O-O 6. Nge2 Nbd7 7. O-O c5 8. d5
Rb8 9. a4 b6 10. Nb5 Rb7 11. c4 a6 12. Nbc3 Ne8 13. f4 Nc7 14. Qd3 b5 15. axb5
axb5 16. cxb5 Nb6 17. Kh1 Bd7 18. e5 Bf5 19. Qf3 Nc8 20. e6 Nxb5 21. Nxb5 Rxb5
22. g4 Bc2 23. Nc3 Rb4 24. Qe2 Bb3 25. exf7+ Rxf7 26. Qe6 Nb6 27. f5 Bc2 28. Qe2
Bb3 29. Qe6 Bc2 30. Be4 Bxe4+ 31. Nxe4 Qc8 32. Ra8 Qxa8 33. fxg6 hxg6 34. Qxf7+
Kh8 35. Rf3 1-0

[Event "Online Olym Div2 B 2020"]
[Site "chess.com INT"]
[Date "2020.08.15"]
[Round "5.1"]
[Board "3"]
[White "Cibickova, Zuzana"]
[Black "Tsolakidou, Stavroula"]
[Result "1/2-1/2"]
[WhiteTitle "WGM"]
[BlackTitle "IM"]
[WhiteElo "2256"]
[BlackElo "2391"]
[WhiteTeam "Slovakia"]
[BlackTeam "Greece"]
[WhiteFideId "14905779"]
[BlackFideId "4264312"]
[EventDate "2020.08.14"]
[EventType "team"]

1. e4 c5 2. Nf3 d6 3. d4 cxd4 4. Nxd4 Nf6 5. Nc3 a6 6. h3 e6 7. g4 Be7 8. Bg2
Nfd7 9. Be3 Nc6 10. Qe2 O-O 11. O-O Nde5 12. f4 Nxd4 13. Bxd4 Nc6 14. Be3 b5 15.
e5 d5 16. Rad1 Qc7 17. Kh1 Bb7 18. Qf2 Rac8 19. Bb6 Qb8 20. Ne2 Ba8 21. Be3 f6
22. exf6 Bxf6 23. c3 b4 24. f5 exf5 25. Bxd5+ Kh8 26. gxf5 bxc3 27. bxc3 Rfe8
28. Nf4 Ne7 29. Bxa8 Qxa8+ 30. Qg2 Nxf5 31. Qxa8 Rxa8 32. Bf2 Bxc3 33. Nd5 Be5
34. Rfe1 Rad8 35. Nb4 Rxd1 36. Rxd1 a5 37. Nc6 Bf6 38. Nxa5 g6 39. Kg2 Re2 40.
Kf3 Rxa2 41. Nc4 Ra4 42. Nd6 Ra3+ 43. Kg2 Ne3+ 44. Bxe3 Rxe3 45. Rf1 Kg7 46. Rf3
Re6 47. Nc4 Bd4 48. Rd3 Bc5 49. Kf3 g5 50. Nd2 Be7 51. Ne4 Kg6 52. Rd5 h5 53.
Nf2 Rf6+ 54. Kg2 Rf4 55. Nd3 Ra4 56. Ne5+ Kf6 57. Nf3 Ra2+ 58. Rd2 Ra3 59. Re2
Bd6 60. Rf2 Kg6 61. Re2 Bf4 62. Re6+ Kf7 63. Re2 Kf6 64. Rf2 Rd3 65. Ra2 g4 66.
hxg4 hxg4 67. Nh2 Kg5 68. Ra5+ Kh4 69. Nf1 Rb3 70. Ra2 g3 71. Re2 Kg4 72. Ra2
Rb1 73. Re2 Ra1 74. Rc2 Rb1 75. Re2 Rb3 76. Rc2 Ra3 77. Re2 Rb3 1/2-1/2

[Event "Online Olym Div2 B 2020"]
[Site "chess.com INT"]
[Date "2020.08.15"]
[Round "5.1"]
[Board "4"]
[White "Botsari, Anna-Maria"]
[Black "Maslikova, Veronika"]
[Result "0-1"]
[WhiteTitle "WGM"]
[BlackTitle "WIM"]
[WhiteElo "2222"]
[BlackElo "2230"]
[WhiteTeam "Greece"]
[BlackTeam "Slovakia"]
[WhiteFideId "4200446"]
[BlackFideId "14904888"]
[EventDate "2020.08.14"]
[EventType "team"]

1. d4 d6 2. c4 Nd7 3. Nc3 g6 4. e4 Bg7 5. f3 c6 6. Be3 Qc7 7. Qd2 a6 8. Nh3 e6
9. Nf2 h5 10. Be2 Ngf6 11. O-O O-O 12. a4 e5 13. d5 c5 14. a5 Nh7 15. Ra3 Re8
16. Rb1 Nhf6 17. Na4 Bf8 18. b4 cxb4 19. Qxb4 Nc5 20. Nxc5 dxc5 21. Qb6 Qxb6 22.
Rxb6 Nd7 23. Rb1 Bd6 24. Bd1 Rd8 25. Nd3 Rb8 26. Rab3 f5 27. exf5 gxf5 28. f4 e4
29. Nc1 h4 30. Ne2 Bc7 31. Ra1 b6 32. axb6 Rxb6 33. Bf2 h3 34. Rxh3 Rb4 35. Be1
Rb6 36. Bc3 Rg6 37. Kf2 Nf6 38. Rg3 Kf7 39. Rxg6 Kxg6 40. h3 Nh5 41. g3 Rg8 42.
Rb1 Kf7 43. Be5 Bxe5 44. fxe5 f4 45. Nxf4 Nxf4 46. gxf4 Bxh3 47. Rb7+ Kg6 48.
Ke3 Bf5 49. Bc2 Rh8 50. Rb6+ Kg7 51. Bxe4 Rh3+ 52. Bf3 Bg4 53. Rxa6 Rxf3+ 54.
Ke4 Rc3 55. Ra4 Kg6 56. d6 Bf3# 0-1

[Event "Online Olym Div2 B 2020"]
[Site "chess.com INT"]
[Date "2020.08.15"]
[Round "5.1"]
[Board "5"]
[White "Sahidi, Samir"]
[Black "Alexakis, Dimitris"]
[Result "1-0"]
[WhiteTitle "FM"]
[BlackTitle "FM"]
[WhiteElo "2400"]
[BlackElo "2450"]
[WhiteTeam "Slovakia"]
[BlackTeam "Greece"]
[WhiteFideId "14936372"]
[BlackFideId "4277023"]
[EventDate "2020.08.14"]
[EventType "team"]

1. e4 c5 2. Nf3 Nc6 3. Bb5 g6 4. O-O Bg7 5. c3 Nf6 6. Re1 O-O 7. h3 Qb6 8. Bc4
d6 9. d4 Rd8 10. d5 Ne5 11. Nxe5 dxe5 12. Qb3 Qc7 13. a4 Ne8 14. Na3 a6 15. Bf1
Bd7 16. Bg5 Kf8 17. Nc2 Nd6 18. c4 a5 19. Qg3 f6 20. Bd2 Kg8 21. Bc3 Bh6 22. Bd3
Bf4 23. Qf3 Nf7 24. h4 h5 25. g3 Bh6 26. b3 Kg7 27. Ne3 Bxe3 28. Qxe3 Nh6 29. f3
Rg8 30. Kf2 Kf7 31. Qxh6 g5 32. hxg5 Rxg5 33. Qh7+ Rg7 34. Qxh5+ Rg6 35. Rh1 Rg8
36. Rag1 Ke8 37. g4 Kd8 38. Ke2 Qb6 39. Bc2 e6 40. dxe6 Bxe6 41. Kd2 Kc8 42. Kc1 1-0

[Event "Online Olym Div2 B 2020"]
[Site "chess.com INT"]
[Date "2020.08.15"]
[Round "5.1"]
[Board "6"]
[White "Avramidou, Anastasia"]
[Black "Slaba, Andrea"]
[Result "1-0"]
[WhiteTitle "FM"]
[WhiteElo "2267"]
[BlackElo "1969"]
[WhiteTeam "Greece"]
[BlackTeam "Slovakia"]
[WhiteFideId "4239873"]
[BlackFideId "14940680"]
[EventDate "2020.08.14"]
[EventType "team"]

1. d4 Nf6 2. c4 c5 3. d5 b5 4. cxb5 g6 5. Nc3 a6 6. bxa6 Bxa6 7. e4 Bxf1 8. Kxf1
d6 9. g3 Bg7 10. Kg2 O-O 11. Nf3 Qa5 12. Qe2 Nbd7 13. a4 Rfb8 14. Bf4 Rb4 15. e5
Nh5 16. e6 Nxf4+ 17. gxf4 Nf8 18. exf7+ Kxf7 19. Ng5+ Ke8 20. Rhe1 Ra7 21. Nge4
Kd7 22. Qg4+ Kd8 23. Nb5 Rd7 24. Ng5 Bxb2 25. Nf7+ Kc8 26. Rxe7 Rxb5 27. axb5
Bxa1 28. Re8+ Kc7 29. Rxf8 Bd4 30. Ng5 Bc3 31. Ne6+ Kb6 32. Rb8+ Ka7 33. Re8
Qxb5 34. Qf3 Bb4 35. Qb3 Qa5 36. Qh3 Rb7 37. Nd8 Rc7 38. Nc6+ Rxc6 39. dxc6 Qa2
40. Qd7+ Kb6 1-0

[Event "Online Olym Div2 B 2020"]
[Site "chess.com INT"]
[Date "2020.08.15"]
[Round "5.2"]
[Board "1"]
[White "Khumnorkaew, Tupfah"]
[Black "Miron, Lucian-Costin"]
[Result "0-1"]
[BlackTitle "GM"]
[WhiteElo "2099"]
[BlackElo "2507"]
[WhiteTeam "Thailand"]
[BlackTeam "Romania"]
[WhiteFideId "6202071"]
[BlackFideId "1210920"]
[EventDate "2020.08.14"]
[EventType "team"]

1. e4 c5 2. Nf3 d6 3. d4 cxd4 4. Nxd4 Nf6 5. Nc3 a6 6. Bg5 e6 7. Qd2 Be7 8.
O-O-O b5 9. f3 b4 10. Nce2 Qa5 11. Nb3 Qa4 12. Kb1 Nbd7 13. Bf4 e5 14. Be3 Bb7
15. g4 Nc5 16. Ng3 g6 17. h4 h5 18. gxh5 Nxh5 19. Nxh5 Rxh5 20. Nxc5 dxc5 21.
Bh3 Rd8 22. Qg2 Rxd1+ 23. Rxd1 Bc6 24. Qg4 Kf8 25. Qc8+ Kg7 26. Qc7 Bxh4 27. Be6
Be8 28. Bd7 Bxd7 29. Rxd7 Kg8 30. Rxf7 Qe8 31. Rg7+ Kh8 32. Bxc5 Bd8 33. Qa7
Rh1+ 34. Bg1 Be7 35. Rxe7 Qxe7 36. Qf2 Qg5 0-1

[Event "Online Olym Div2 B 2020"]
[Site "chess.com INT"]
[Date "2020.08.15"]
[Round "5.2"]
[Board "2"]
[White "Gavrilescu, David"]
[Black "Arunnuntapanich, Tinnakrit"]
[Result "1-0"]
[WhiteTitle "IM"]
[WhiteElo "2476"]
[BlackElo "2064"]
[WhiteTeam "Romania"]
[BlackTeam "Thailand"]
[WhiteFideId "1227190"]
[BlackFideId "6202039"]
[EventDate "2020.08.14"]
[EventType "team"]

1. e4 c5 2. Nf3 d6 3. d4 cxd4 4. Nxd4 Nf6 5. Nc3 a6 6. Bd3 e5 7. Nde2 Be6 8. O-O
Be7 9. f4 Qc7 10. Kh1 Nbd7 11. Ng3 exf4 12. Bxf4 Ne5 13. Nf5 Bxf5 14. exf5 Nxd3
15. Qxd3 O-O 16. Rad1 Rfd8 17. Bg5 Rac8 18. Rfe1 d5 19. Bxf6 Bxf6 20. Nxd5 Qxc2
21. Nxf6+ gxf6 22. Qxc2 1-0

[Event "Online Olym Div2 B 2020"]
[Site "chess.com INT"]
[Date "2020.08.15"]
[Round "5.2"]
[Board "3"]
[White "Atikankhotchasee, Manunthon"]
[Black "Bulmaga, Irina"]
[Result "0-1"]
[WhiteTitle "WFM"]
[BlackTitle "IM"]
[WhiteElo "1622"]
[BlackElo "2434"]
[WhiteTeam "Thailand"]
[BlackTeam "Romania"]
[WhiteFideId "6203191"]
[BlackFideId "13903063"]
[EventDate "2020.08.14"]
[EventType "team"]

1. d4 Nf6 2. Bg5 d5 3. Bxf6 exf6 4. e3 c6 5. c4 dxc4 6. Bxc4 Bd6 7. Nf3 O-O 8.
Nc3 Nd7 9. O-O f5 10. h3 Qe7 11. Bd3 Nf6 12. Qc2 g6 13. a3 Bd7 14. Nd2 Rac8 15.
Nc4 Bb8 16. Nd2 c5 17. d5 Qd6 18. g3 Nxd5 19. Nxd5 Qxd5 20. Qc4 Qxc4 21. Bxc4 b5
22. Be2 Rfd8 23. Nb3 Be5 24. Rab1 Be6 25. Nd2 Rxd2 26. Bxb5 Rxb2 27. a4 Rxb1 28.
Rxb1 c4 29. Ba6 Rd8 30. Rb7 c3 31. Rxa7 c2 0-1

[Event "Online Olym Div2 B 2020"]
[Site "chess.com INT"]
[Date "2020.08.15"]
[Round "5.2"]
[Board "4"]
[White "Cosma, Elena-Luminita"]
[Black "Promsirinimit, Pornouma"]
[Result "1-0"]
[WhiteTitle "WGM"]
[WhiteElo "2311"]
[BlackElo "1559"]
[WhiteTeam "Romania"]
[BlackTeam "Thailand"]
[WhiteFideId "1201590"]
[BlackFideId "6204171"]
[EventDate "2020.08.14"]
[EventType "team"]

1. d4 Nf6 2. Nf3 e6 3. g3 c5 4. Bg2 cxd4 5. O-O d5 6. Nxd4 e5 7. Nb3 Be6 8. c4
Nc6 9. cxd5 Nxd5 10. N1d2 Qc7 11. Ne4 Rd8 12. Bd2 f6 13. Nec5 Bxc5 14. Nxc5 Bf7
15. Rc1 Qb6 16. Qa4 O-O 17. Nxb7 Qxb7 18. Qxc6 Qxb2 19. Ba5 Nb6 20. Rc2 Qa3 21.
Bxb6 axb6 22. Qxb6 Rd6 23. Qc7 Rfd8 24. h4 Bxa2 25. Ra1 Rd1+ 26. Rxd1 Rxd1+ 27.
Kh2 Bb3 28. Qb8+ Kf7 29. Rc3 Rb1 30. Rxb3 Rxb3 31. Bd5+ Kg6 32. Qxb3 Qc1 33.
Qd3+ f5 34. Bg2 Qa1 35. Qd6+ Kf7 36. Bd5+ Ke8 37. Qe6+ Kd8 38. Qxf5 Qd4 39. e4
g6 40. Qf6+ Ke8 41. Bc6+ 1-0

[Event "Online Olym Div2 B 2020"]
[Site "chess.com INT"]
[Date "2020.08.15"]
[Round "5.2"]
[Board "5"]
[White "Laohawirapap, Prin"]
[Black "Costachi, Mihnea"]
[Result "0-1"]
[BlackTitle "IM"]
[WhiteElo "1913"]
[BlackElo "2471"]
[WhiteTeam "Thailand"]
[BlackTeam "Romania"]
[WhiteFideId "6205003"]
[BlackFideId "1217518"]
[EventDate "2020.08.14"]
[EventType "team"]

1. e4 e5 2. Nf3 Nf6 3. Nxe5 d6 4. Nf3 Nxe4 5. Nc3 Nxc3 6. dxc3 Be7 7. Be3 Nc6 8.
Bd3 Be6 9. Qe2 Qd7 10. O-O-O a6 11. Rhe1 h6 12. Kb1 Bf6 13. Nd4 Nxd4 14. Bxd4
Bxd4 15. cxd4 c6 16. Bf5 O-O 17. Bd3 Rfe8 18. Qe4 Bxa2+ 19. Kxa2 Rxe4 20. Rxe4
Re8 21. Rde1 Rxe4 22. Rxe4 b5 23. h3 g6 24. g4 Kg7 25. f4 c5 26. c3 a5 27. f5 b4
28. Bc2 c4 29. b3 bxc3 30. fxg6 Qb7 31. Re2 a4 32. b4 Qxb4 33. Bd1 fxg6 34. h4
Qb6 35. d5 Qb7 36. Bxa4 Qxd5 37. Rc2 Qa5 38. Ka3 Qc5+ 39. Ka2 Qb4 0-1

[Event "Online Olym Div2 B 2020"]
[Site "chess.com INT"]
[Date "2020.08.15"]
[Round "5.2"]
[Board "6"]
[White "Bucur, Denisa-Andreea"]
[Black "Chuemsakul, Sarocha"]
[Result "1-0"]
[BlackTitle "WFM"]
[WhiteElo "2063"]
[BlackElo "1668"]
[WhiteTeam "Romania"]
[BlackTeam "Thailand"]
[WhiteFideId "1238019"]
[BlackFideId "6203710"]
[EventDate "2020.08.14"]
[EventType "team"]

1. d4 Nf6 2. Nf3 d5 3. c4 e6 4. Nc3 Nbd7 5. cxd5 exd5 6. Bf4 c6 7. e3 Bb4 8. Bd3
O-O 9. O-O Re8 10. Qc2 Nf8 11. h3 Ng6 12. Bh2 Qe7 13. Ne5 Nd7 14. f4 Ndxe5 15.
fxe5 Be6 16. a3 Ba5 17. Ne2 Bb6 18. Rad1 c5 19. Kh1 Rac8 20. Qd2 c4 21. Bc2 Qc7
22. e4 Ba5 23. Qe3 Ne7 24. Nf4 Rcd8 25. exd5 Nxd5 26. Nxd5 Rxd5 27. Be4 Rb5 28.
d5 Rb3 29. Qe2 Bc8 30. e6 Qe7 31. exf7+ Kh8 32. fxe8=Q+ Qxe8 33. Qxc4 Rxb2 34.
d6 Bd7 35. Qf7 Re2 36. Qf8+ 1-0

[Event "Online Olym Div2 B 2020"]
[Site "chess.com INT"]
[Date "2020.08.15"]
[Round "5.3"]
[Board "1"]
[White "Halvax, Georg"]
[Black "Tin, Jingyao"]
[Result "0-1"]
[WhiteTitle "IM"]
[BlackTitle "IM"]
[WhiteElo "2402"]
[BlackElo "2464"]
[WhiteTeam "Austria"]
[BlackTeam "Singapore"]
[WhiteFideId "1619543"]
[BlackFideId "5804418"]
[EventDate "2020.08.14"]
[EventType "team"]

1. d4 Nf6 2. c4 e6 3. Nf3 Bb4+ 4. Bd2 a5 5. g3 d6 6. Bg2 Nbd7 7. O-O e5 8. dxe5
dxe5 9. Bc3 Qe7 10. Qc2 O-O 11. a3 Bd6 12. e3 a4 13. Nbd2 Nc5 14. Rad1 Bg4 15.
h3 Bh5 16. e4 Nfd7 17. Rfe1 Qf6 18. g4 Bg6 19. Nf1 Rfd8 20. Ng3 Ne6 21. Nf5 Nf4
22. Bf1 h6 23. Bd2 Ne6 24. Be3 Bc5 25. Qc3 Bxe3 26. fxe3 Nec5 27. Qc2 Nb6 28.
Bg2 Qe6 29. Rd5 Nxd5 30. cxd5 Qb6 31. Nxe5 Bxf5 32. exf5 Re8 33. Nc4 Qb3 34.
Qxb3 axb3 35. e4 Ra4 36. Nd2 Rd4 37. Re2 f6 38. Kf2 Kf8 39. Kg3 c6 40. dxc6 bxc6
41. Kf4 Rd3 42. Nf3 Rd1 43. e5 Nd3+ 44. Kg3 Nxe5 45. Re3 Rd3 46. Rxd3 Nxd3 47.
Nd4 Re3+ 48. Kh4 Nxb2 49. Bxc6 Nc4 50. Ne6+ Ke7 51. Nf4 Kd6 52. Ba4 b2 53. Bc2
Nxa3 0-1

[Event "Online Olym Div2 B 2020"]
[Site "chess.com INT"]
[Date "2020.08.15"]
[Round "5.3"]
[Board "2"]
[White "Liu, Xiangyi"]
[Black "Kilgus, Georg"]
[Result "1-0"]
[WhiteTitle "IM"]
[BlackTitle "IM"]
[WhiteElo "2377"]
[BlackElo "2461"]
[WhiteTeam "Singapore"]
[BlackTeam "Austria"]
[WhiteFideId "8605718"]
[BlackFideId "1606212"]
[EventDate "2020.08.14"]
[EventType "team"]

1. e4 c6 2. d4 d5 3. Nc3 dxe4 4. Nxe4 Nf6 5. Nxf6+ exf6 6. Nf3 Bd6 7. Bd3 O-O 8.
O-O Bg4 9. h3 Bh5 10. c3 Re8 11. Be2 Nd7 12. Be3 f5 13. Re1 Qc7 14. Nh4 Bxe2 15.
Rxe2 g6 16. Qd3 Re4 17. Nf3 Rae8 18. Rae1 c5 19. Ng5 R4e7 20. dxc5 Nxc5 21. Qc4
a6 22. Kf1 b5 23. Qd5 Re5 24. Bd4 Rxd5 25. Rxe8+ Bf8 26. Rxf8+ Kxf8 27. Nxh7+
Kg8 28. Nf6+ Kf8 29. Re8+ 1-0

[Event "Online Olym Div2 B 2020"]
[Site "chess.com INT"]
[Date "2020.08.15"]
[Round "5.3"]
[Board "3"]
[White "Hapala, Elisabeth"]
[Black "Gong, Qianyun"]
[Result "0-1"]
[WhiteTitle "WFM"]
[BlackTitle "WGM"]
[WhiteElo "2158"]
[BlackElo "2333"]
[WhiteTeam "Austria"]
[BlackTeam "Singapore"]
[WhiteFideId "1622080"]
[BlackFideId "8602425"]
[EventDate "2020.08.14"]
[EventType "team"]

1. e4 c5 2. Nf3 Nc6 3. d4 cxd4 4. Nxd4 g6 5. c4 Bg7 6. Be3 Nf6 7. Nc3 d6 8. Be2
O-O 9. O-O Bd7 10. Nc2 Rc8 11. Qd2 Ne5 12. b3 b5 13. cxb5 Neg4 14. Bd4 e5 15.
Be3 Qa5 16. Bc4 Nxe3 17. Qxe3 Be6 18. Nd5 Bxd5 19. exd5 Nxd5 20. Bxd5 Rxc2 21.
a4 Rc3 22. Qe4 Kh8 23. Rac1 f5 24. Qe1 e4 25. Rxc3 Bxc3 26. Qe3 Rc8 27. Rc1 Rc5
28. Bc4 Be5 29. g3 Qc7 30. Rd1 Kg7 31. Kg2 Qe7 32. Rd5 Rc7 33. a5 Rb7 34. Qd2 h6
35. Qd1 g5 36. Qh5 Qf6 37. h4 f4 38. hxg5 hxg5 39. gxf4 Qxf4 40. Rd1 Kf8 41.
Qh6+ Rg7 42. Be2 Ke7 43. b6 axb6 44. axb6 e3 45. Bf3 exf2 46. Kxf2 Qg3+ 47. Ke2
g4 48. Bd5 Qc3 49. b7 Qc2+ 50. Rd2 Qc7 51. Qe6+ Kd8 52. Qc8+ Qxc8 53. bxc8=Q+
Kxc8 54. Kf2 Kc7 55. Rc2+ Kb6 56. Kg2 Rh7 57. Kg1 Rh3 58. Rg2 g3 59. Rc2 Bd4+
60. Kf1 Bf2 61. Bg2 Rh6 62. Ke2 Kb5 63. Rc4 Re6+ 64. Kd1 Re1+ 65. Kd2 Rg1 66.
Bc6+ Kb6 67. Ke2 Bc5 68. Bd5 Rb1 69. Rg4 Rb2+ 70. Kf3 Bf2 71. Rg6 Kc5 72. Rg5
Kd4 73. Be6 Kc3 74. Rd5 Kb4 75. Rg5 Rd2 76. Rf5 Be1 77. Rg5 Rf2+ 78. Ke3 g2 79.
Bh3 Rb2 80. Bxg2 Bd2+ 81. Kd4 Bxg5 0-1

[Event "Online Olym Div2 B 2020"]
[Site "chess.com INT"]
[Date "2020.08.15"]
[Round "5.3"]
[Board "4"]
[White "Liu, Yang Hazel"]
[Black "Exler, Veronika"]
[Result "0-1"]
[WhiteTitle "WFM"]
[BlackTitle "WIM"]
[WhiteElo "2046"]
[BlackElo "2155"]
[WhiteTeam "Singapore"]
[BlackTeam "Austria"]
[WhiteFideId "5800919"]
[BlackFideId "1620550"]
[EventDate "2020.08.14"]
[EventType "team"]

1. d4 d5 2. Nc3 Nf6 3. Bf4 c5 4. e3 a6 5. Nf3 Nc6 6. dxc5 Bg4 7. Be2 e6 8. Na4
Bxc5 9. Nxc5 Qa5+ 10. c3 Qxc5 11. O-O O-O 12. h3 Bh5 13. Ne5 Bxe2 14. Qxe2 Rfc8
15. Rad1 b5 16. a3 a5 17. g4 Nxe5 18. Bxe5 Nd7 19. Bd4 Qc4 20. Qxc4 bxc4 21. e4
dxe4 22. Bxg7 Kxg7 23. Rxd7 Rab8 24. Re1 Rxb2 25. Rxe4 Rb3 26. Rf4 Rf8 27. Rxc4
Rxa3 28. Ra7 Kg6 29. Kg2 Ra2 30. h4 h5 31. g5 Rd8 32. Rf4 Rf8 33. Rf6+ Kg7 34.
Rxe6 Ra4 35. Kg3 Rg4+ 36. Kh3 Rf4 37. Rh6 Rxf2 38. Kg3 Rc2 39. Rc6 Rd8 40. g6
Rd3+ 41. Kf4 Rf2+ 42. Ke4 Rh3 43. gxf7 Rxh4+ 44. Ke3 Rxf7 45. Rxf7+ Kxf7 46. Rc5
a4 47. Ra5 Kg6 48. Kf3 Rc4 49. Kg2 h4 50. Kh2 Kf6 51. Kh3 Ke6 52. Kg2 Kd6 53.
Kf2 Kc6 54. Ke2 Kb6 55. Rh5 a3 56. Rh6+ Kb5 57. Rh5+ Ka4 58. Rh8 Kb3 59. Kd2 a2
60. Rb8+ Ka3 61. Ra8+ Ra4 0-1